| 000 | 01317nam a2200277 i 4500 | ||
|---|---|---|---|
| 003 | IT-RoINE | ||
| 005 | 20171106111844.0 | ||
| 008 | 030205r19871845be |r 001|| lat d | ||
| 040 |
_aSpMaBN _cSpMaBN IT-RoINE _dIT-RoINE |
||
| 100 | 0 |
_aDámaso _bI, _cPapa, Santo, _924422 _d305-384 |
|
| 245 | 1 | 0 |
_aSanctorum Damasi papae et Paciani necnon Luciferi episcopi Calaritani opera omnia : _bjuxta memoratissimas Merendae, Gallandi, et fratrum Coleti editione recensita et emendata : intermiscentur Felicis papae 2., Faustini et Marcellini, Theodosii Magni, Pacati, Variorum, Filocali, Sylvii, s. Virgilii tridentini, Julii Hilariani, s. Siricii papae, universa quae exstant opuscula ... |
| 260 | 0 |
_aTurnholti : _bBrepols, _c1987. |
|
| 300 |
_a1256 col. ; _c28 cm. |
||
| 336 |
_2rdacontent _atext |
||
| 337 |
_2rdamedia _aunmediated |
||
| 338 |
_2rdacarrier _avolume |
||
| 490 | 1 |
_aPatrologiae cursus completus. _aSeries latina ; _v13 |
|
| 500 | _aIncluye índice. | ||
| 500 | _aTexto a dos columnas. | ||
| 534 | _pReprod. de la ed. de: París : J.-P.Migne, 1844. | ||
| 700 | 0 |
_aPaciano, _cSanto, _99404 _dm. 392 |
|
| 700 | 0 |
_aLucifer, _cObispo de Cagliari, _97938 _dm. ca. 370 |
|
| 700 | 1 |
_aMigne, Jacques Paul, _d1800-1875 _933300 |
|
| 830 | 0 |
_939396 _aPatrologiae cursus completus. _p Series latina ; _v 13 |
|
| 942 | _cMTS | ||
| 999 |
_c20978 _d20978 |
||